<?xml version="1.0" encoding="UTF-8"?>
<collection xmlns="http://www.loc.gov/MARC21/slim">
 <record>
  <leader>01246cam a2200313 c 4500</leader>
  <controlfield tag="001">1102285099</controlfield>
  <controlfield tag="003">DE-627</controlfield>
  <controlfield tag="005">20231214143725.0</controlfield>
  <controlfield tag="007">tu</controlfield>
  <controlfield tag="008">930311s1977    xx |||||      00| ||fre c</controlfield>
  <datafield tag="035" ind1=" " ind2=" ">
   <subfield code="a">(DE-627)1102285099</subfield>
  </datafield>
  <datafield tag="035" ind1=" " ind2=" ">
   <subfield code="a">(DE-576)032285094</subfield>
  </datafield>
  <datafield tag="035" ind1=" " ind2=" ">
   <subfield code="a">(DE-599)BSZ032285094</subfield>
  </datafield>
  <datafield tag="035" ind1=" " ind2=" ">
   <subfield code="a">(OCoLC)311686703</subfield>
  </datafield>
  <datafield tag="040" ind1=" " ind2=" ">
   <subfield code="a">DE-627</subfield>
   <subfield code="b">ger</subfield>
   <subfield code="c">DE-627</subfield>
   <subfield code="e">rakwb</subfield>
  </datafield>
  <datafield tag="041" ind1=" " ind2=" ">
   <subfield code="a">fre</subfield>
  </datafield>
  <datafield tag="100" ind1="1" ind2=" ">
   <subfield code="a">Hervier, Dominique</subfield>
   <subfield code="4">aut</subfield>
  </datafield>
  <datafield tag="245" ind1="1" ind2="0">
   <subfield code="a">Pierre LeGendre et son inventaire après décès</subfield>
   <subfield code="b">une famille parisienne à l'aube de la renaissance; étude historique et méthologique</subfield>
   <subfield code="c">Dominique Hervier</subfield>
  </datafield>
  <datafield tag="264" ind1=" " ind2="1">
   <subfield code="a">Paris</subfield>
   <subfield code="b">Champion</subfield>
   <subfield code="c">1977</subfield>
  </datafield>
  <datafield tag="300" ind1=" " ind2=" ">
   <subfield code="a">123, 263 S.</subfield>
  </datafield>
  <datafield tag="336" ind1=" " ind2=" ">
   <subfield code="a">Text</subfield>
   <subfield code="b">txt</subfield>
   <subfield code="2">rdacontent</subfield>
  </datafield>
  <datafield tag="337" ind1=" " ind2=" ">
   <subfield code="a">ohne Hilfsmittel zu benutzen</subfield>
   <subfield code="b">n</subfield>
   <subfield code="2">rdamedia</subfield>
  </datafield>
  <datafield tag="338" ind1=" " ind2=" ">
   <subfield code="a">Band</subfield>
   <subfield code="b">nc</subfield>
   <subfield code="2">rdacarrier</subfield>
  </datafield>
  <datafield tag="490" ind1="1" ind2=" ">
   <subfield code="a">Bibliothèque du XVe [quinzième] siècle</subfield>
   <subfield code="v">42</subfield>
  </datafield>
  <datafield tag="787" ind1="0" ind2="8">
   <subfield code="i">Rezensiert in</subfield>
   <subfield code="a">Hoffmann, Volker, 1940 - </subfield>
   <subfield code="t">[Rezension von: Dominique Hervier, Pierre LeGendre et son inventaire après décès]</subfield>
   <subfield code="d">1980</subfield>
   <subfield code="w">(DE-627)1875958894</subfield>
  </datafield>
  <datafield tag="830" ind1=" " ind2="0">
   <subfield code="a">Bibliothèque du XVe siècle</subfield>
   <subfield code="v">42</subfield>
   <subfield code="9">42</subfield>
   <subfield code="w">(DE-627)167138391</subfield>
   <subfield code="w">(DE-576)000683108</subfield>
   <subfield code="w">(DE-600)416544-5</subfield>
   <subfield code="x">0768-1674</subfield>
   <subfield code="7">am</subfield>
  </datafield>
  <datafield tag="951" ind1=" " ind2=" ">
   <subfield code="a">BO</subfield>
  </datafield>
  <datafield tag="991" ind1=" " ind2=" ">
   <subfield code="a">Rezensiertes Werk</subfield>
  </datafield>
  <datafield tag="999" ind1=" " ind2=" ">
   <subfield code="a">KXP-PPN1102285099</subfield>
   <subfield code="e">4916276604</subfield>
  </datafield>
 </record>
</collection>
